000 01017nam a2200253Ia 4500
003 OSt
005 20220923225034.0
006 a|||||r|||| 00| 0
007 ta
008 220922b |||||||| |||| 00| 0 hin d
024 _a255,585
037 _cTextual
040 _aARTS
_cARTS
_bhin
041 _2hin
_ahin
082 _aO152,3NSH21,DJ, M6
100 _aशर्मा, गौरीदत्त; जैन, दिग्दर्शन चरण, संपा.
_9168319
245 0 _aदेवरानी जेठानी की कहानी
246 _aDevarānī jeṭhānī kī kahānī
260 _aनई दिल्ली
_b ऋषभचरण जैन एवम् सन्तति
_c1986
300 _a47पृ.
_ccm.
650 _aहिन्दी साहित्य
_9156264
942 _hO152,3NSH21,DJ, M6
_cTEXL
_2CC
999 _c375583
_d375583